1417 1856 1133 1610 1609 1997 1142 1459 1435 1031 1268 1618 1699 1329 1994 1956 1302 1112 1397 1038 1098 1668 1390 1578 1051 1235 1772 1274 1684 1132 1663 1088 1900 1401 1923 1302 1475 1261 1095 1691 1449 1467 1780 1690 1344 1140 1911 1974 1429 1106 1815 1373 1378 1155 1473 1622 1772 1141 1830 1015 1654 1181 1385 1373 1530 1166 1888 1634 1174 1740 1635 1569 1450 1959 1542 1454 1130 1760 1791 1330 1612 1664 1036 1766 1087 1858 1867 1129 1137 1596 1062 1876 1685 1710 1768 1796 1536 1880 1758 BCNSPRNW ULIB Ver.6.0+V

เปลี่ยนเป็นภาษาไทย

Change to English
 แสดงรายละเอียดบรรณานุกรม
  กลับหน้าหลัก

Brief Record : Get Marc (ISO 2709) : E-mail record : QR code < ปิดหน้าต่าง
LEADER : 00000nam a2200000Ia 4500
001    13399126043
003     ULIB
008    170421s2560 th 000 0 tha d
020    ^a9786165470889
040    ^absc
050  4 ^aPE1128^bส779cu
100 0  ^aสุทิน พูลสวัสดิ์
245 10 ^aCU-TEP reading :^bภาษาอังกฤษเข้าจุฬาลงกรณ์มหาวิทยาลัย /^cSutinPoolsawad
246 30 ^aภาษาอังกฤษเข้าจุฬาลงกรณ์มหาวิทยาลัย
246 31 ^aBest test preparation for CU-TEP : CU-TEP reading
250    ^aพิมพ์ครั้งที่ 4
260    ^aกรุงเทพฯ :^bศูนย์หนังสือ ที.จี.อาร์.อี.,^c2560
300    ^a327 หน้า ;^c26 ซม.
610 24 ^aจุฬาลงกรณ์มหาวิทยาลัย^xการสอบคัดเลือก^xข้อสอบและเฉลย
650  0 ^aEnglish language^xExaminations
650  0 ^aEnglish language^vExaminations, questions, etc.
650  0 ^aReading comprehension
650  4 ^aภาษาอังกฤษ^xการสอบ
650  4 ^aภาษาอังกฤษ^vข้อสอบและเฉลย
650  4 ^aความเข้าใจในการอ่าน
700 0  ^aSutin Poolsawad
910    ^aSend to UC
945    ^p325^l0^i25839
995    ^aกัณชพร
999    ^aกัณชพร
รายการนี้ยังไม่มีแท็ก
คุณยังไม่ได้ล็อกอิน คุณสามารถมีกิจกรรมร่วมกับเว็บไซต์ได้ แต่ต้องล็อกอินก่อน ::
  ล็อกอิน

รายการสื่อสารสนเทศ

ลำดับที่ ประเภท เลขเรียก/บาร์โค้ด สถานที่ สถานะ
1. วิทยาศาสตร์การแพทย์ และสุขภาพ
วิทยาศาสตร์การแพทย์ และสุขภาพ
PE1128 ส779cu ฉ.1 
  Barcode: 25839
ห้องสมุดวิทยาเขตสวรรค์ประชารักษ์
►หนังสือทั่วไป
บนชั้น

รายการใกล้เคียง
    ผู้แต่ง [สุทิน พูลสวัสดิ์]

    หัวเรื่อง [Reading comprehension]
    หัวเรื่อง [ความเข้าใจในการอ่าน]

BibComment


ยังไม่เคยถูกคอมเมนท์

คอมเมนท์ทรัพยากรรายการนี้
  คอมเมนท์: CUTEP reading ภ..


 Copyright 2026. Bcnsprnw @Library